000 00945nam a2200265Ia 4500
003 OSt
005 20220923211548.0
006 a|||||r|||| 00| 0
007 ta
008 Pun
020 _a9789384138967 (hbk)
_c150
024 _a319,693
037 _b775, 27/02/2017, H.K. Prakashan
_cTextual
040 _aARTS
_cARTS
_bPun
041 _2Pun
_aPun
082 _aO153,2:g, Q6
100 _aਜਤਿੰਦਰ ਕੌਰ, ਂਚ.
245 0 _aਉੱਤਰ ਪ੍ਰਦੇF ਅਤੇ ਪੰਜਾਬ ਦੇ ਲੋਕ-ਨਾਟ
_b ਤੁਲਨਾਤਮਕ ਅਧਿਐਨ
260 _aਅੰਮ੍ਰਿਤਸਰ
_b ਕੇ.ਜੀ.ਗ੍ਰਾਖ਼ਿਕਸ
_c2016
300 _a96ਪ੍ਰ0
_ccm.
650 _a ਪੰਜਾਬੀ ਨਾਟਕ
650 _aਸ਼ਚਅਹ਼ਲਜ
942 _hO153,2:g, Q6
_cTEXL
_2CC
999 _c300799
_d300799